000 00421nam a22001817a 4500
003 MPLRDC
005 20220104124633.0
008 210129b ||||| |||| 00| 0 eng d
020 _a7-5301-0389-X
082 _a859.6 WJL
100 _a王景林著
245 _a海中20怪
_c
250 _a一版一刷
260 _a
_b北京少年儿童出版社
_c1994
300 _b
650 _a
942 _cBK
_o859.6 WJL
999 _c20938
_d20928